000
00286nam a22001337a 4500
003
SGT
082
_a
510,KAU
100
_a
KAUR, H
245
_a
CHROM ATOGRAPHY
260
_a
NEW DELHI
_b
PRAGATI PRAKASHAN MEERUT
_c
2016
300
_a
156
650
_a
MATHAMETICS
942
_2
ddc
_c
FPS
_0
11
999
_c
10018
_d
10018